[Event "GER HS-234 email"]
[Site "GER email"]
[Date "2017.11.25"]
[Round "?"]
[White "Pelzer, Martin"]
[Black "Hagen, Joerg"]
[Result "1-0"]
[WhiteElo "1905"]
[BlackElo "1756"]
[PlyCount "41"]
[EventDate "2017.12.01"]
[EventType "tourn (corr)"]
[EventRounds "6"]
[EventCountry "GER"]
[SourceTitle "Corr 2022"]
[Source "ChessBase"]
[SourceDate "2021.10.24"]
[SourceVersion "1"]
[SourceVersionDate "2021.10.24"]
[SourceQuality "1"]

1. Nf3 g6 2. e4 Bg7 3. d4 d6 4. Bc4 a6 5. 0-0 e6 6. Re1 Ne7 7. c3 0-0 8. Bf4 h6 9. Nbd2 b5 10. Bb3 c5 11. dxc5 dxc5 12. Qe2 Nd7 13. Qe3 g5 14. Bd6 g4 15. Nh4 Re8 16. Qg3 Nc6 17. Rad1 Qg5 18. e5 c4 19. Ne4 Qh5 20. Bc2 Ndxe5 21. h3 1-0

[Event "GER rap15 FSM/V01 email"]
[Site "GER email"]
[Date "2017.10.23"]
[Round "?"]
[White "Hagen, Joerg"]
[Black "Roeckendorf, Paul Uwe"]
[Result "1/2-1/2"]
[WhiteElo "1778"]
[BlackElo "2027"]
[PlyCount "52"]
[EventDate "2017.11.01"]
[EventType "tourn (corr)"]
[EventRounds "4"]
[EventCountry "GER"]
[SourceTitle "Corr 2020"]
[Source "ChessBase"]
[SourceDate "2019.09.30"]
[SourceVersion "1"]
[SourceVersionDate "2019.09.30"]
[SourceQuality "1"]

1. e4 e5 2. Bc4 Nf6 3. d3 Bc5 4. Nf3 d6 5. c3 Bb6 6. 0-0 h6 7. Nbd2 0-0 8. h3 c6 9. Re1 Nbd7 10. Nf1 d5 11. exd5 cxd5 12. Bb3 Re8 13. Ng3 Bc7 14. Bc2 a6 15. Bd2 Nf8 16. Nh4 Be6 17. b4 Rc8 18. a4 e4 19. Nhf5 Bxf5 20. Nxf5 Qd7 21. g4 Bd8 22. a5 exd3 23. Bxd3 Bc7 24. Bxh6 gxh6 25. Nxh6+ Kg7 26. Nf5+ Kg8 1/2-1/2

[Event "GER rap15 FSM/V01 email"]
[Site "GER email"]
[Date "2017.10.23"]
[Round "?"]
[White "Tacke, Hubert"]
[Black "Hagen, Joerg"]
[Result "1-0"]
[WhiteElo "1930"]
[BlackElo "1778"]
[PlyCount "61"]
[EventDate "2017.11.01"]
[EventType "tourn (corr)"]
[EventRounds "4"]
[EventCountry "GER"]
[SourceTitle "Corr 2020"]
[Source "ChessBase"]
[SourceDate "2019.09.30"]
[SourceVersion "1"]
[SourceVersionDate "2019.09.30"]
[SourceQuality "1"]

1. e4 d5 2. exd5 Nf6 3. d4 Bg4 4. Bb5+ c6 5. dxc6 Nxc6 6. Bxc6+ bxc6 7. Nf3 e6 8. 0-0 Be7 9. h3 Bh5 10. c4 0-0 11. g4 Bg6 12. Ne5 c5 13. dxc5 Bxc5 14. Qxd8 Rfxd8 15. Nc3 Rac8 16. Be3 Bxe3 17. fxe3 h5 18. Rad1 Rxd1 19. Rxd1 hxg4 20. hxg4 Bc2 21. Rd4 Rc5 22. Nf3 e5 23. Rd8+ Kh7 24. b3 Nxg4 25. e4 f5 26. exf5 Bxf5 27. Rd6 Nf6 28. Ra6 Bg4 29. Kf2 Rc7 30. Nxe5 Bc8 31. Rc6 1-0

[Event "GER OS-329 email"]
[Site "GER email"]
[Date "2017.09.10"]
[Round "?"]
[White "Wiechmann, Torsten"]
[Black "Hagen, Joerg"]
[Result "1-0"]
[WhiteElo "1617"]
[BlackElo "1821"]
[PlyCount "65"]
[EventDate "2017.09.14"]
[EventType "tourn (corr)"]
[EventRounds "6"]
[EventCountry "GER"]
[SourceTitle "Corr 2020"]
[Source "ChessBase"]
[SourceDate "2019.09.30"]
[SourceVersion "1"]
[SourceVersionDate "2019.09.30"]
[SourceQuality "1"]

1. Nf3 d5 2. d4 Nf6 3. c4 e6 4. Nc3 dxc4 5. e4 Bb4 6. Bg5 c5 7. Bxc4 cxd4 8. Nxd4 Bxc3+ 9. bxc3 Qa5 10. Bb5+ Nbd7 11. Bxf6 Qxc3+ 12. Kf1 gxf6 13. h4 a6 14. Rh3 Qa5 15. Be2 Nc5 16. Nb3 Nxb3 17. axb3 Qe5 18. Rd3 0-0 19. Qc1 Kh8 20. Ra2 Rg8 21. Qh6 f5 22. Rad2 b5 23. f4 Qg7 24. Qxg7+ Rxg7 25. Rd8+ Rg8 26. Rxg8+ Kxg8 27. Rd8+ Kg7 28. exf5 exf5 29. Bf3 Rb8 30. Ke2 Kf6 31. Re8 a5 32. Kd3 a4 33. b4 1-0

[Event "GER OS-323 email"]
[Site "GER email"]
[Date "2017.07.03"]
[Round "?"]
[White "Ramus, Norbert"]
[Black "Hagen, Joerg"]
[Result "0-1"]
[WhiteElo "1642"]
[BlackElo "1821"]
[PlyCount "40"]
[EventDate "2017.07.07"]
[EventType "tourn (corr)"]
[EventRounds "6"]
[EventCountry "GER"]
[SourceTitle "Corr 2020"]
[Source "ChessBase"]
[SourceDate "2019.09.30"]
[SourceVersion "1"]
[SourceVersionDate "2019.09.30"]
[SourceQuality "1"]

1. d4 Nf6 2. c4 g6 3. Nc3 d5 4. Nf3 Bg7 5. e3 0-0 6. b4 c6 7. Bb2 Be6 8. c5 Ne4 9. Bd3 f5 10. 0-0 Nd7 11. h3 Qc7 12. Rc1 Bf7 13. Re1 e5 14. Bxe4 dxe4 15. Nd2 exd4 16. exd4 Nf6 17. Ra1 Rad8 18. Ne2 Nd5 19. a3 e3 20. Nf3 exf2+ 0-1

[Event "GER OS-308 email"]
[Site "GER email"]
[Date "2016.12.16"]
[Round "?"]
[White "Wittlieb, Friedhelm"]
[Black "Hagen, Joerg"]
[Result "1/2-1/2"]
[WhiteElo "1466"]
[BlackElo "1791"]
[PlyCount "70"]
[EventDate "2016.12.21"]
[EventType "tourn (corr)"]
[EventRounds "6"]
[EventCountry "GER"]
[SourceTitle "Corr 2020"]
[Source "ChessBase"]
[SourceDate "2019.09.30"]
[SourceVersion "1"]
[SourceVersionDate "2019.09.30"]
[SourceQuality "1"]

1. e4 e5 2. Nf3 Nc6 3. Bb5 a6 4. Ba4 Nf6 5. 0-0 Be7 6. Nc3 b5 7. Bb3 d6 8. d3 0-0 9. Nd5 Na5 10. Nxe7+ Qxe7 11. Re1 Bb7 12. Nh4 Nxb3 13. Nf5 Qe6 14. axb3 c5 15. Be3 Rac8 16. f4 Kh8 17. fxe5 dxe5 18. Rf1 Rfe8 19. Qe1 Ng8 20. Qc3 g6 21. Ng3 Qe7 22. Qe1 Rc7 23. Bd2 f6 24. Rf2 Qe6 25. Be3 Ne7 26. Qa5 Rec8 27. Raf1 Ng8 28. Qd2 Rf7 29. Qc3 Qd6 30. Bg5 Rcf8 31. Bc1 b4 32. Qd2 Ne7 33. Qh6 a5 34. Be3 Qc7 35. Qh4 Ng8 1/2-1/2